[Event "LUX-ch U18"]
[Site "Bonnevoie"]
[Date "2000.02.26"]
[Round "1"]
[White "Piron, Marc"]
[Black "Steffen, Francois"]
[Result "1-0"]
[WhiteElo "1420"]
[BlackElo "1300"]
[PlyCount "71"]
[EventDate "2000.02.26"]
[EventType "swiss"]
[EventRounds "7"]
[EventCountry "LUX"]
[SourceTitle "EXT 2005"]
[Source "ChessBase"]
[SourceDate "2004.11.15"]
[SourceVersion "1"]
[SourceVersionDate "2004.11.15"]
[SourceQuality "1"]

1. e4 d5 2. Nc3 Nf6 3. e5 Ne4 4. Nxe4 dxe4 5. d3 Bf5 6. Qe2 Qd5 7. f3 exd3 8. cxd3 Bxd3 9. Qd2 Nc6 10. Qxd3 Qxd3 11. Bxd3 Nd4 12. Be3 c5 13. Bxd4 cxd4 14. Rc1 g5 15. Ne2 Bg7 16. Nxd4 Bxe5 17. Rc4 Rd8 18. Ne2 Rxd3 19. Rc8+ Kd7 20. Rxh8 Bxb2 21. Rxh7 b5 22. Kf2 Rd2 23. Rb1 f5 24. Ke1 Rc2 25. Kd1 b4 26. Kxc2 Bc3 27. Nxc3 bxc3 28. Kxc3 Kd6 29. Rd1+ Kc5 30. Rxe7 a5 31. Re5+ Kb6 32. Rd6+ Kc7 33. Rh6 a4 34. Re7+ Kd8 35. Ra7 Ke8 36. Rh8# 1-0